| 000 | 00524nam a22001817a 4500 | ||
|---|---|---|---|
| 008 | 230630b |||||||| |||| 00| 0 eng d | ||
| 020 | _a81-7236-075-4 | ||
| 040 |
_aNational Science Library _cNational Science Library |
||
| 080 |
_a524.3 _bN2 |
||
| 100 | _aBasu, Biman | ||
| 245 | _aसितारों का संसार | ||
| 246 | _aSitaron ka sansar | ||
| 260 |
_aNew Delhi: _bPrakashan Evam Suchna Nideshalay, _c1992 |
||
| 300 | _a75p. | ||
| 650 | _aScience | ||
| 653 | _aUniverse | ||
| 942 |
_2udc _cHBK |
||
| 999 |
_c48450 _d48450 |
||